000 00932nam a2200229 u 4500
001 000349866
003 AM-YeHGA
005 20250618072204.0
008 031219s1979 ai r 000 0 arm d
040 _aAM-YeHGA
041 0 _aarm
100 1 _aՏեր-Գրիգորյան, Աշոտ Երեմի,
_d1927-1988
_92455
245 1 0 _aՄայրենի լեզու :
_bԸնթերցարան : Դասագիրք 2-րդ դաս. համար /
_cՏեր-Գրիգորյան, Ս.Խ. Օհանյան, Ն.Դ. Մազմանյան; Նկ.՝ Լ.Հ. Մանասերյան.
250 _a9-րդ հրատ.
260 _aԵրևան :
_bԼույս,
_c1979.
300 _a248 էջ :
_bգուն. նկ.
650 1 4 _aՀայոց լեզու
_vԸնթերցարան
_94817
700 1 _aՕհանյան, Սուրեն Խուրշուդի.
700 1 _aՄազմանյան, Նազիկ Դավթի.
700 1 _aՄանասերյան, Լ.Հ.
_eնկ.
_4ill
090 _c135124
999 _c133757
_d133757